| 000 | 005730000a22001930004500 | ||
|---|---|---|---|
| 090 |
_aAR _b04553 |
||
| 100 | 1 |
_aRedo, Danny _998640 |
|
| 700 | 1 |
_aBass, J.O. Joby _998641 |
|
| 700 | 1 |
_aMillington, Andrew C. _998642 |
|
| 245 | 1 | 0 | _aForest dynamics and the importance of place in western Honduras |
| 041 | 0 | _aInglés | |
| 650 | 1 | 4 |
_aBosques _992270 |
| 650 | 1 | 4 |
_aSensores remotos _996486 |
| 650 | 1 | 4 |
_aDeforestación _9266 |
| 651 | 4 |
_pHonduras _dIntibuca _992749 |
|
| 651 | 4 |
_pHonduras _dLa Paz _992749 |
|
| 942 |
_cARTICULO _01 |
||
| 773 | 1 |
_tApplied geography _q91-110 _d2009 _g29 |
|
| 999 |
_c13653 _d13653 |
||